000 01104cab a2200313 4500
001 ABS58314
008 090401t1998 xxu||||| |||| 00| 0 eng d
035 _a(Sirsi) u84537
041 _aeng
100 _aShelton, M.
245 _aBreak options and breach of tenant`s repairing covenant (1)
260 _c1998
350 _a0
490 _aLandlord and Tenant Review
_v2(1) February 1998, 3-4(2)
520 _aUses case law to illustrate the problems that can occur when a tenant seeks to operate a break clause which is dependant on upon compliance with repairing and decorating obligations.
650 _aBAIRSTOW EVES (SECURITIES) LTD V RIPLEY
650 _aBASSETT V WHITELEY
650 _aBREAK CLAUSES
650 _aBREAK OPTIONS
650 _aCOUNTRY CLEANERS (FALMOUTH) LTD V SALY
650 _aFINCH V UNDERWOOD
650 _aKITNEY V GLC PROPERTIES LTD
650 _aREED PERSONNEL SERVICES V AMERICAN EXPRESS EUROPE
650 _aREPAIRING COVENANT
690 _aLANDLORD AND TENANT-BUSINESS TENANCIES
700 _aReece, C.
942 _n0
948 _c26/02/1998
999 _c53127
_d53127